Chiara Corbella Petrillo: (Record no. 211939)

MARC details
000 -LEADER
fixed length control field 00717nam a22002057a 4500
005 - DATE AND TIME OF LATEST TRANSACTION
control field 20250625120856.0
010 ## - LCCN (DPL NO)
LC control number ENG-145566
020 ## - INTERNATIONAL STANDARD BOOK NUMBER
Terms of availability 200.00
International Standard Book Number 9788119664825
035 ## - SYSTEM CONTROL NUMBER
System control number EN-129098
037 ## - SOURCE OF ACQUISITION
Source of stock number/acquisition DBAD/PUB
082 ## - DEWEY DECIMAL CLASSIFICATION NUMBER
Classification number 280
100 ## - MAIN ENTRY--PERSONAL NAME
Personal name Troisi, Simone
245 ## - TITLE STATEMENT
Title Chiara Corbella Petrillo:
Remainder of title A Witness to Joy/
Statement of responsibility, etc Simone Troisi; Enrico Petrillo [and] Translated By Charlotte J. Fasi
260 ## - PUBLICATION, DISTRIBUTION, ETC. (IMPRINT)
Place of publication, distribution, etc Begaluru
Name of publisher, distributor, etc ATC Publishers
Date of publication, distribution, etc 2024
270 ## - ADDRESS
City Bengaluru
Address CCBI Secretariat, P.B. No. 8490, Hutchins Road, 2nd Cross
300 ## - PHYSICAL DESCRIPTION
Extent 161p..
Dimensions 21cm(pb)
700 ## - ADDED ENTRY--PERSONAL NAME
Personal name Petrillo, Enrico
Relator term Author
9 (RLIN) 82325
700 ## - ADDED ENTRY--PERSONAL NAME
Personal name Fasi, Charlotte J.
Relator term Translator
9 (RLIN) 82326
942 ## - ADDED ENTRY ELEMENTS (KOHA)
Source of classification or shelving scheme Dewey Decimal Classification
Item type English Books
Classification part 280
Call number suffix TRO
Holdings
Withdrawn status Lost status Not for loan Collection code Home library Current library Date acquired Source of acquisition Cost, normal purchase price Full call number Barcode Copy number Cost, replacement price Koha item type
      Non-fiction Sarojini Nagar Sarojini Nagar 25/06/2025 Delivery of Books Act Division 200.00 280 TRO EN-129098 1 200.00 English Books

© Delhi Public Library
Hit Counter
free hit counter